| 000 | 00683nam a22002417a 4500 | ||
|---|---|---|---|
| 003 | UA-OsUOA | ||
| 001 | 110718 | ||
| 007 | ta | ||
| 008 | 20150401b un ||||| |||| 00| 0 ukr d | ||
| 100 | _aХоміцький О. | ||
| 090 |
_a821.161.2 _bХ76 |
||
| 942 | _cBK | ||
| 040 |
_aUA-OsUOA _bukr _cUA-OsUOA _dUA-OsUOA |
||
| 245 |
_aТворці щастя або добрі, милі дружини _bз книги буття |
||
| 300 | _a116 с. | ||
| 955 | _a3 | ||
| 041 | _aukr | ||
| 080 | _a821.161.2 | ||
| 020 | _a966-7379-48-2 | ||
| 260 |
_aЛьвів _bЛогос _c2004 |
||
| 650 | 7 |
_a82 Література. Літературознавство _2UDC |
|
| 999 |
_c396838 _d396838 |
||